|
|
|
|
| LEADER |
00000nas a2200000 a 4500 |
| 001 |
ssj0005585 |
| 003 |
WaSeSS |
| 005 |
20200512172242.0 |
| 006 |
m d |
| 007 |
cr n |
| 008 |
911224d19922001ilubr p s 0 a0eng c |
| 010 |
|
|
|a sf 93093330
|z sn 91004802
|
| 022 |
|
|
|l 1060-5088
|y 1060-5088
|
| 030 |
|
|
|a PPMIEK
|
| 035 |
|
|
|a (WaSeSS)ssj0005585
|
| 037 |
|
|
|b EQES, 799 Roosevelt Rd., Bldg. 6, Suite 208, Glen Ellyn, IL 60137-9924
|
| 040 |
|
|
|a NSD
|b eng
|c NSD
|d OCL
|d NSD
|d NST
|d CLU
|d CAS
|d DLC
|d HUL
|d DLC
|d SYS
|d CLU
|d OCLCQ
|d OCLCF
|d OCLCO
|d GILDS
|d OCLCO
|d RDF
|d WaSeSS
|
| 042 |
|
|
|a nsdp
|a pcc
|
| 050 |
1 |
4 |
|a JC362
|b .P74
|
| 082 |
1 |
0 |
|a 327
|2 12
|
| 210 |
0 |
|
|a Pres. prime minist.
|
| 222 |
|
0 |
|a Presidents & prime ministers
|
| 245 |
0 |
0 |
|a Presidents & prime ministers
|h [electronic resource].
|
| 246 |
1 |
0 |
|a Presidents and prime ministers
|
| 260 |
|
|
|a Glen Ellyn, IL :
|b EQES, Inc.,
|c c1992-2001.
|
| 310 |
|
|
|a Bimonthly
|
| 362 |
0 |
|
|a Vol. 1, no. 1 (Sept.-Oct. 1992)-vol. 10, no. 5 (Sept.-Oct. 2001).
|
| 500 |
|
|
|a Title from cover.
|
| 506 |
|
|
|a License restrictions may limit access.
|
| 580 |
|
|
|a Continued by a CD-ROM version.
|
| 650 |
|
0 |
|a International cooperation
|v Periodicals.
|
| 650 |
|
0 |
|a International economic relations
|v Periodicals.
|
| 650 |
|
0 |
|a International relations
|v Periodicals.
|
| 650 |
|
7 |
|a International cooperation.
|2 fast
|0 (OCoLC)fst00976857
|
| 650 |
|
7 |
|a International economic relations.
|2 fast
|0 (OCoLC)fst00976891
|
| 650 |
|
7 |
|a International relations.
|2 fast
|0 (OCoLC)fst00977053
|
| 655 |
|
0 |
|a Electronic journals.
|
| 785 |
0 |
0 |
|t Presidents & prime ministers (CD-ROM)
|w (DLC) 2002222069
|w (OCoLC)49840166
|
| 853 |
3 |
3 |
|8 1
|a v.
|b no.
|u 6
|v r
|i (year)
|j (month/month)
|w b
|
| 856 |
4 |
0 |
|z Full text available from Research Library: 09/01/1997 to 09/30/2003
|u https://search.proquest.com/publication/30697
|
| 863 |
4 |
0 |
|8 1
|a <2>
|b <2>-
|i <1993>
|j <Mar./Apr.>-
|x provisional
|